Skoki narciarskie - Janne Ahonen - zwycięstwa w PŚ - Statystyki

Ogólne statystyki
  • Ten quiz został rozwiązany 172 razy
  • Średni wynik to 25 z 36
Statystyki odpowiedzi
l.p. Data Skocznia % Poprawnych
10. 17.01.1999 Zakopane K116
94%
5. 07.03.1998 Lahti K116
88%
13. 04.03.2000 Lahti K90
88%
28. 03.01.2005 Innsbruck HS130
87%
15. 04.01.2003 Innsbruck K120
87%
27. 01.01.2005 Garmisch-Partenkirchen HS125
85%
2. 01.01.1995 Garmisch-Partenkirchen K115
85%
19. 27.11.2004 Kuusamo HS142
83%
20. 28.11.2004 Kuusamo HS142
83%
36. 04.03.2008 Kuopio HS127
79%
26. 29.12.2004 Oberstdorf HS137
79%
31. 29.12.2005 Oberstdorf HS137
79%
3. 03.12.1993 Lillehammer K120
78%
21. 04.12.2004 Trondheim HS131
75%
22. 05.12.2004 Trondheim HS131
75%
24. 18.12.2004 Engelberg HS137
74%
25. 19.12.2004 Engelberg HS137
74%
1. 19.12.1993 Engelberg K120
74%
9. 09.01.1999 Engelberg K120
74%
14. 21.12.2002 Engelberg K120
74%
32. 06.01.2006 Bischofshofen HS140
73%
33. 05.01.2008 Bischofshofen HS140
73%
34. 06.01.2008 Bischofshofen HS140
73%
23. 12.12.2004 Harrachov HS142
65%
35. 20.01.2008 Harrachov HS205
65%
7. 19.12.1998 Harrachov K120
65%
8. 20.12.1998 Harrachov K120
65%
11. 07.02.1999 Harrachov K120
65%
29. 08.01.2005 Willingen HS145
65%
18. 14.02.2004 Willingen K130
65%
4. 10.01.1996 Bad Mitterndorf K180
48%
16. 10.01.2004 Liberec K120
46%
17. 11.01.2004 Liberec K120
46%
30. 09.01.2005 Titisee-Neustadt HS142
46%
12. 12.12.1999 Villach K90
32%
6. 06.12.1998 Chamonix K95
14%
Nie znaleziono quizów pasujących do podanych kryteriów
Rozkład punktacji
Procent ludzi z każdym wynikiem
Percentyl według liczby udzielonych odpowiedzi
Twoja historia wyników
Nie rozwiązałeś tego quizu